NLSUI OPAC header image

The jurisprudential dimensions of plastic pollution : advancing legal obligations under sustainable development goals (Record no. 217822)

MARC details
000 -LEADER
fixed length control field 00548nam a2200133Ia 4500
005 - DATE AND TIME OF LATEST TRANSACTION
control field 20260209120154.0
008 - FIXED-LENGTH DATA ELEMENTS--GENERAL INFORMATION
fixed length control field 260209s9999||||xx |||||||||||||| ||und||
100 ## - MAIN ENTRY--PERSONAL NAME
Personal name Gowri Tharanath
245 #4 - TITLE STATEMENT
Title The jurisprudential dimensions of plastic pollution : advancing legal obligations under sustainable development goals
260 ## - PUBLICATION, DISTRIBUTION, ETC.
Place of publication, distribution, etc. BangaloreBangalore
Name of publisher, distributor, etc. NLSIU, Bangalore
Date of publication, distribution, etc. 2024 - 2025
300 ## - PHYSICAL DESCRIPTION
Extent 39 p. ; 25 cm.
700 ## - ADDED ENTRY--PERSONAL NAME
Personal name Prof. Dr.Sairam Bhat - SupervisorProf. Dr.Sairam Bhat - Supervisor
856 ## - ELECTRONIC LOCATION AND ACCESS
Uniform Resource Identifier <a href="https://dans.nls.ac.in/handle/123456789/2533">https://dans.nls.ac.in/handle/123456789/2533</a>
Holdings
Withdrawn status Lost status Damaged status Not for loan Home library Current library Date acquired Total Checkouts Barcode Date last seen Price effective from Koha item type
        . . 09.02.2026   LLM1189 09.02.2026 09.02.2026 Dissertation